|
|
|
|
| LEADER |
00000cam a2200000 7i4500 |
| 001 |
0000000130 |
| 005 |
20000717.0 |
| 020 |
0 |
0 |
|a 9676901741
|
| 090 |
0 |
0 |
|a 158.1
|b CAR 1997
|
| 100 |
1 |
0 |
|a CARNEGIE
|h Dale
|c 1888-1955
|
| 245 |
1 |
0 |
|a Bagaimana menghindari kebimbangan dan memulakan kehidupan
|c Dale Carnegie; penterjemah Yisof Hj. Wanjor
|
| 260 |
0 |
0 |
|a Batu Caves, Selangor :
|b Thinker's Library ,
|c 1997
|
| 300 |
|
|
|a xxiii, 428 p. ;
|c 23 cm.
|
| 500 |
0 |
0 |
|a Translated from: How to stop worrying and start living/Dale Carnegie
|
| 650 |
0 |
0 |
|a Success
|
| 650 |
0 |
0 |
|a Worry
|
| 700 |
0 |
1 |
|a Yusof Hj. Wanjor
|
| 999 |
|
|
|a 0000001234
|b Monograph
|c Open Shelf
|e Default branch
|